Welcome to the Holygrace Academy Library

Please use search bar below to get started

NEW MORAL SCIENCE BOOK III (Record no. 7606)

MARC details
000 -LEADER
fixed length control field 00264nam a22001217a 4500
082 ## - DEWEY DECIMAL CLASSIFICATION NUMBER
Classification number 823
Item number MAC/N
100 ## - MAIN ENTRY--AUTHOR NAME
Personal name MACMILLAN
245 ## - TITLE STATEMENT
Title NEW MORAL SCIENCE BOOK III
260 ## - PUBLICATION, DISTRIBUTION, ETC. (IMPRINT)
Place of publication MADRAS
Name of publisher MACMILLAN
Year of publication 1990
300 ## - PHYSICAL DESCRIPTION
Number of Pages 61
650 ## - SUBJECT ADDED ENTRY--TOPICAL TERM
Topical Term ENGLISH STORY
Geographic subdivision INDIA
942 ## - ADDED ENTRY ELEMENTS (KOHA)
Koha item type Books
Holdings
Withdrawn status Lost status Collection code Home library Current library Date acquired Source of acquisition Full call number Accession Number Koha item type
Withdrawn Damaged Item Fiction Main Library Main Library 04/03/2002 purchase 823 MAC/N 00854 Books